000 00295nam a2200097Ia 4500
001 670161
005 20250826160802.0
008 250824s9999 xx 000 0 und d
245 0 _aHayvanlarda Saldırı ve Savunma Taklitçilik ve İlişkiler
_cKimberley Jane Pryor
260 _bTÜBİTAK YAYINLARI
999 _c670161
_d670161